000 00473nam a2200193Ia 4500
008 230125s9999 xx 000 0 und d
020 _a0-02-925361-6
041 _aeng
082 _a658.4012
_bPOR
100 _aPorter M E
245 _aThe competitive advantage of nations
260 _c1990
_bThe free press
_aNew Delhi
300 _a855p
500 _aBPSM;BPSM Gen
650 _aManagement
700 _aPorter M E
906 _b41
999 _c90307
_d90307